American Hangman - Statistics

General Stats
  • This quiz has been taken 46 times
  • The average score is 6 of 13
Answer Stats
Hint Answer % Correct
U.S. State with Chicago (I)llinois
81%
First Man on the Moon (N)eil Armstrong
81%
Last Name of the Second President (A)dams
75%
1849 Gold Rush State (C)alifornia
75%
U.S. State where the first atomic bomb testing took place (N)ew Mexico
50%
College for the General Election (E)lectoral College
47%
Middle name of General Sherman (T)ecumseh
34%
Native American Confederancy (I)roquois
31%
Country the USA gave independence to (P)alau | (P)hilippines
31%
City of the Bloodiest battle of the Civil War (A)ntietam
28%
Ships in the Battle of Hampton Roads (M)errimack | (M)onitor
28%
The Final Word! Emancipation
25%
Disputed region between USA and UK in Cascadia (O)regon Country
25%
No matching quizzes found
Score Distribution
Percent of People with Each Score
Percentile by Number Answered
Your Score History
You have not taken this quiz